MARC details
| 000 -CABECERA |
| campo de control de longitud fija |
02804nam a22005897a 4500 |
| 001 - NÚMERO DE CONTROL |
| campo de control |
000107480 |
| 003 - IDENTIFICADOR DEL NÚMERO DE CONTROL |
| campo de control |
CHAP |
| 005 - FECHA Y HORA DE LA ÚLTIMA TRANSACCIÓN |
| campo de control |
20220817044541.0 |
| 008 - DATOS DE LONGITUD FIJA--INFORMACIÓN GENERAL |
| campo de control de longitud fija |
120914s2011 it rn 00010 eng d |
| 010 ## - NÚMERO DE CONTROL DE LA BIBLIOTECA DEL CONGRESO |
| Número de control de LC |
103942 |
| 011 ## - ENLACE DEL NUMERO DE CONTROL DE LA BIBLIOTECA DEL CONGRESO [OBSOLETO] |
| Número de control de LC |
104914 |
| 020 ## - NÚMERO INTERNACIONAL ESTÁNDAR DEL LIBRO |
| Número Internacional Estándar del Libro |
9789251070208 |
| 035 ## - NÚMERO DE CONTROL DEL SISTEMA |
| Número de control de sistema |
115604 |
| 040 ## - FUENTE DE LA CATALOGACIÓN |
| Centro/agencia transcriptor |
CHAP |
| 082 04 - NÚMERO DE LA CLASIFICACIÓN DECIMAL DEWEY |
| Número de clasificación |
630.71 |
| Número de documento/Ítem |
F211y v.11 |
| 110 2# - ENTRADA PRINCIPAL--NOMBRE DE ENTIDAD CORPORATIVA |
| Nombre de entidad corporativa o nombre de jurisdicción como elemento de entrada |
FAO |
| 245 10 - MENCIÓN DE TÍTULO |
| Título |
Cost-effective management tools for ensuring food quality and safety. For small and medium agro-industrial enetrprises / |
| Mención de responsabilidad, etc. |
/coordinado por Pilar Santacoloma y Roberto Cuevas. |
| 260 ## - PUBLICACIÓN, DISTRIBUCIÓN, ETC. |
| Lugar de publicación, distribución, etc. |
Roma : |
| Nombre del editor, distribuidor, etc. |
FAO, |
| Fecha de publicación, distribución, etc. |
2011. |
| 300 ## - DESCRIPCIÓN FÍSICA |
| Extensión |
v. : |
| Otras características físicas |
diagramas. |
| 490 #0 - MENCIÓN DE SERIE |
| Mención de serie |
Training Materials for Agricultural Management, Marketing and Finance |
| Designación de volumen o secuencia |
; 11 |
| 505 0# - NOTA DE CONTENIDO CON FORMATO |
| Nota de contenido con formato |
La biblioteca tiene : v.11/1 Use of market information for improving quality management. -- v11/2 Systems and tools for improving quality and safety management in agró-industries. -- v.11/3 Application of quality management principles in small and medium agro-insudtrial eneterprises. -- v.11/4 Planning as a tool for improving quality and safety management. -- v.11/5 Facilitator's manual. |
| 590 ## - NOTA LOCAL (RLIN) |
| Nota local |
BATCH-UPD |
| Procedencia (VM) [OBSOLETO] |
10 |
| Condición del los carretes individuales (VM) [OBSOLETO] |
20130110 |
| -- |
UCH01 |
| -- |
0249 |
| 590 ## - NOTA LOCAL (RLIN) |
| Nota local |
BATCH-UPD |
| Procedencia (VM) [OBSOLETO] |
10 |
| Condición del los carretes individuales (VM) [OBSOLETO] |
20130110 |
| -- |
UCH01 |
| -- |
0355 |
| 590 ## - NOTA LOCAL (RLIN) |
| Nota local |
BATCH-UPD |
| Procedencia (VM) [OBSOLETO] |
10 |
| Condición del los carretes individuales (VM) [OBSOLETO] |
20130110 |
| -- |
UCH01 |
| -- |
0406 |
| 590 ## - NOTA LOCAL (RLIN) |
| Nota local |
BATCH-UPD |
| Procedencia (VM) [OBSOLETO] |
10 |
| Condición del los carretes individuales (VM) [OBSOLETO] |
20130110 |
| -- |
UCH01 |
| -- |
0428 |
| 590 ## - NOTA LOCAL (RLIN) |
| Nota local |
BATCH-UPD |
| Procedencia (VM) [OBSOLETO] |
10 |
| Condición del los carretes individuales (VM) [OBSOLETO] |
20130110 |
| -- |
UCH01 |
| -- |
0434 |
| 590 ## - NOTA LOCAL (RLIN) |
| Nota local |
BATCH-UPD |
| Procedencia (VM) [OBSOLETO] |
10 |
| Condición del los carretes individuales (VM) [OBSOLETO] |
20130409 |
| -- |
UCH01 |
| -- |
2303 |
| 590 ## - NOTA LOCAL (RLIN) |
| Nota local |
BATCH-UPD |
| Procedencia (VM) [OBSOLETO] |
10 |
| Condición del los carretes individuales (VM) [OBSOLETO] |
20130409 |
| -- |
UCH01 |
| -- |
2315 |
| 590 ## - NOTA LOCAL (RLIN) |
| Nota local |
BATCH-UPD |
| Procedencia (VM) [OBSOLETO] |
10 |
| Condición del los carretes individuales (VM) [OBSOLETO] |
20130409 |
| -- |
UCH01 |
| -- |
2339 |
| 590 ## - NOTA LOCAL (RLIN) |
| Nota local |
BATCH-UPD |
| Procedencia (VM) [OBSOLETO] |
10 |
| Condición del los carretes individuales (VM) [OBSOLETO] |
20130409 |
| -- |
UCH01 |
| -- |
2344 |
| 590 ## - NOTA LOCAL (RLIN) |
| Nota local |
BATCH-UPD |
| Procedencia (VM) [OBSOLETO] |
10 |
| Condición del los carretes individuales (VM) [OBSOLETO] |
20130913 |
| -- |
UCH01 |
| -- |
1851 |
| 590 ## - NOTA LOCAL (RLIN) |
| Nota local |
CONVERSION |
| Procedencia (VM) [OBSOLETO] |
10 |
| Condición del los carretes individuales (VM) [OBSOLETO] |
20130109 |
| -- |
UCH01 |
| -- |
1357 |
| 590 ## - NOTA LOCAL (RLIN) |
| Nota local |
E5995AHE |
| Procedencia (VM) [OBSOLETO] |
05 |
| Condición del los carretes individuales (VM) [OBSOLETO] |
20141006 |
| -- |
UCH01 |
| -- |
1302 |
| 650 #4 - PUNTO DE ACCESO ADICIONAL DE MATERIA--TÉRMINO DE MATERIA |
| Término de materia o nombre geográfico como elemento de entrada |
Alimentos |
| Subdivisión general |
Calidad. |
| 650 #4 - PUNTO DE ACCESO ADICIONAL DE MATERIA--TÉRMINO DE MATERIA |
| Término de materia o nombre geográfico como elemento de entrada |
Alimentos |
| Subdivisión general |
Higiene. |
| 9 (RLIN) |
4224 |
| 650 #4 - PUNTO DE ACCESO ADICIONAL DE MATERIA--TÉRMINO DE MATERIA |
| Término de materia o nombre geográfico como elemento de entrada |
Capacitación. |
| 9 (RLIN) |
18690 |
| 650 #4 - PUNTO DE ACCESO ADICIONAL DE MATERIA--TÉRMINO DE MATERIA |
| Término de materia o nombre geográfico como elemento de entrada |
Educación agrícola. |
| 9 (RLIN) |
35491 |
| 650 #4 - PUNTO DE ACCESO ADICIONAL DE MATERIA--TÉRMINO DE MATERIA |
| Término de materia o nombre geográfico como elemento de entrada |
Empresas pequeñas. |
| 9 (RLIN) |
36658 |
| 650 #4 - PUNTO DE ACCESO ADICIONAL DE MATERIA--TÉRMINO DE MATERIA |
| Término de materia o nombre geográfico como elemento de entrada |
Inocuidad alimentaria. |
| 9 (RLIN) |
58836 |
| 650 #4 - PUNTO DE ACCESO ADICIONAL DE MATERIA--TÉRMINO DE MATERIA |
| Término de materia o nombre geográfico como elemento de entrada |
Productos agrícolas |
| Subdivisión general |
Mercadeo. |
| 9 (RLIN) |
91951 |
| 700 1# - PUNTO DE ACCESO ADICIONAL--NOMBRE DE PERSONA |
| Nombre de persona |
Cuevas, Roberto |
| Término indicativo de función/relación |
, coord. |
| 9 (RLIN) |
30190 |
| 700 1# - PUNTO DE ACCESO ADICIONAL--NOMBRE DE PERSONA |
| Nombre de persona |
Santacoloma, Pilar |
| Término indicativo de función/relación |
, coord. |
| 9 (RLIN) |
102258 |
| 830 #0 - PUNTO DE ACCESO ADICIONAL DE SERIE-TÍTULO UNIFORME |
| Título uniforme |
Training Materials for Agricultural Management, Marketing and Finance |
| Designación de volumen o secuencia |
; 11 |
| 9 (RLIN) |
114600 |
| 901 ## - ELEMENTOS DE DATOS A LOCAL LDA (RLIN) |
| a |
BK |
| 942 ## - ELEMENTOS DE PUNTO DE ACCESO ADICIONAL (KOHA) |
| Tipo de ítem Koha |
Libro |
| 942 ## - ELEMENTOS DE PUNTO DE ACCESO ADICIONAL (KOHA) |
| Suprimir en OPAC |
0 |
| 949 ## - PROCESAMIENTO DE INFORMACIÓN LOCAL (OCLC) |
| a |
630.71 F211y |
| b |
BC |
| c |
FAO |
| d |
33724002346009 |
| e |
FAO2 |
| f |
v.11/5 |
| g |
DonaciØn |
| h |
117368 |
| i |
115604 |
| s |
t |
| 949 ## - PROCESAMIENTO DE INFORMACIÓN LOCAL (OCLC) |
| a |
630.71 F211y |
| b |
BC |
| c |
FAO |
| d |
33724002346040 |
| e |
FAO1 |
| f |
v.11/1 |
| g |
DonaciØn |
| h |
117364 |
| i |
115604 |
| s |
t |
| 949 ## - PROCESAMIENTO DE INFORMACIÓN LOCAL (OCLC) |
| a |
630.71 F211y |
| b |
BC |
| c |
FAO |
| d |
33724002346082 |
| e |
FAO2 |
| f |
v.11/2 |
| g |
DonaciØn |
| h |
117365 |
| i |
115604 |
| s |
t |
| 949 ## - PROCESAMIENTO DE INFORMACIÓN LOCAL (OCLC) |
| a |
630.71 F211y |
| b |
BC |
| c |
FAO |
| d |
33724002346124 |
| e |
FAO2 |
| f |
v.11/4 |
| g |
DonaciØn |
| h |
117367 |
| i |
115604 |
| s |
t |
| 949 ## - PROCESAMIENTO DE INFORMACIÓN LOCAL (OCLC) |
| a |
630.71 F211y |
| b |
BC |
| c |
FAO |
| d |
33724002346165 |
| e |
FAO2 |
| f |
v.11/3 |
| g |
DonaciØn |
| h |
117366 |
| i |
115604 |
| s |
t |